Processes affecting dissolved-oxygen concentrations in the lower reaches of Middle Fork and South Fork Beargrass Creek, Jefferson County, Kentucky /

Bibliographic Details
Main Author: Ruhl, Kevin J.
Corporate Authors: Louisville and Jefferson County Metropolitan Sewer District, Geological Survey (U.S.)
Other Authors: Jarrett, G. Lynn
Format: Government Document Book
Language:English
Published: Louisville, Ky. : U.S. Dept. of the Interior, U.S. Geological Survey ; 1999.
Series:Water-resources investigations report ; 98-4218.
Subjects:

MARC

Tag First Indicator Second Indicator Subfields
LEADER 00000cam a2200000 a 4500
001 in00000003193
005 20151007051046.0
008 990421s1999 kyuab b f000 0 eng d
035 |a (OCoLC)41223409 
035 |9 AJG2913AM 
040 |a GPO  |c GPO  |d DLC  |d MvI  |d UtOrBLW 
043 |a n-us-ky 
049 |a UDOC 
074 |a 0624-B 
086 0 |a I 19.42/4:98-4218 
100 1 |a Ruhl, Kevin J. 
245 1 0 |a Processes affecting dissolved-oxygen concentrations in the lower reaches of Middle Fork and South Fork Beargrass Creek, Jefferson County, Kentucky /  |c by Kevin J. Ruhl, and G. Lynn Jarrett ; prepared in cooperation with the Louisville and Jefferson County Metropolitan Sewer District. 
246 2 |a Processes affecting dissolved oxygen concentrations ... 
264 1 |a Louisville, Ky. :  |b U.S. Dept. of the Interior, U.S. Geological Survey ;  |c 1999. 
264 2 |a Denver, CO :  |b Branch of Information Services [distributor], 
300 |a v, 53 pages :  |b illustrations, maps ;  |c 28 cm. 
336 |a text  |b txt  |2 rdacontent 
337 |a unmediated  |b n  |2 rdamedia 
338 |a volume  |b nc  |2 rdacarrier 
490 1 |a Water-resources investigations report ;  |v 98-4218 
500 |a Shipping list number: 99-0193-P. 
504 |a Includes bibliographical references (pages 52-53). 
650 0 |a Water  |x Dissolved oxygen  |z Kentucky  |z Jefferson County. 
650 0 |a River surveys  |z Kentucky  |z Jefferson County. 
650 0 |a Water quality biological assessment  |z Kentucky  |z Jefferson County. 
700 1 |a Jarrett, G. Lynn. 
710 2 |a Louisville and Jefferson County Metropolitan Sewer District. 
710 2 |a Geological Survey (U.S.) 
830 0 |a Water-resources investigations report ;  |v 98-4218. 
999 |a MARS 
999 f f |s d2f49395-5c8d-3dc1-98e6-8efecaf90b3d  |i 31d18742-47a4-3a5b-8d23-0ad8ac4eae40  |t 0 
952 f f |p normal  |a Texas A&M University  |b College Station  |c Sterling C. Evans Library  |d Evans: US Documents (Annex 5th floor)  |t 0  |e I 19.42/4:98-4218  |h Superintendent of Documents classification  |i unmediated -- volume  |m A14824479210 
998 f f |a I 19.42/4:98-4218  |t 0  |l Evans: US Documents (Annex 5th floor)